[Event "1st It"]
[Site "Klaksvik FAI"]
[Date "2002.10.12"]
[Round "1"]
[White "Ahlander,B"]
[Black "Simonsen,O"]
[Result "1-0"]
[WhiteElo "2393"]
[BlackElo "2239"]

1.d4 d5 2.c4 Nc6 3.Nc3 dxc4 4.Nf3 Bg4 5.e3 e6 6.Bxc4 Bb4 7.a3 Bxc3+ 8.bxc3 Nge7
9.Rb1 b6 10.O-O O-O 11.a4 Qd6 12.h3 Bh5 13.Ra1 e5 14.Ba3 Qf6 15.g4 Bg6 16.Bxe7 Qxe7
17.Bd5 Qf6 18.dxe5 Nxe5 19.Nxe5 Qxe5 20.Bxa8 Rxa8 21.Qd4 Qe7 22.a5 Rd8 23.Qf4 b5
24.Rfd1 Bd3 25.a6 Rd6 26.Ra5 Qd7 27.e4 f6 28.e5 fxe5 29.Qxe5 Rd5 30.Qe3 c6
31.Ra2 c5 32.Re2 Kf7 33.Qf4+ Kg6 34.Re5 Rxe5 35.Qxe5 c4 36.Re1 h6 37.Qe6+ Qxe6
38.Rxe6+ Kf7 39.Rc6 Ke7 40.Rc5  1-0

[Event "1st It"]
[Site "Klaksvik FAI"]
[Date "2002.10.13"]
[Round "3"]
[White "Nilssen,J"]
[Black "Simonsen,O"]
[Result "1/2-1/2"]
[WhiteElo "2385"]
[BlackElo "2239"]

1.d4 d5 2.c4 Nc6 3.Nc3 dxc4 4.Nf3 Bg4 5.e3 e6 6.Bxc4 Bb4 7.h3 Bh5 8.O-O Nf6
9.a3 Bxc3 10.bxc3 Ne4 11.Bb2 Ng5 12.Be2 Nxf3+ 13.Bxf3 Bxf3 14.Qxf3 Qd5 15.e4 Qc4
16.Rab1 O-O 17.Bc1 b5 18.Bf4 Rac8 19.d5 Ne7 20.Rb4 Qc5 21.Rc1 exd5 22.Be3 Qc6
23.Bxa7 Ra8 24.Bd4 dxe4 25.Qg4 Ng6 26.c4 Ra4 27.Rxa4 bxa4 28.Qf5 Rd8 29.Be3 h6
30.Qb5 Qe6 31.Qxa4 f5 32.Rd1 Rf8 33.Qd7 Qxc4 34.Rc1 Qa2 35.Bd4 Rf7 36.Qd8+ Nf8
37.Rxc7 Rxc7 38.Qxc7 Ne6 39.Qc8+  1/2-1/2

[Event "TCh-BEL 2001-2"]
[Site "Belgium BEL"]
[Date "2002.10.15"]
[Round "10"]
[White "Kadimova,I"]
[Black "Peek,Mar"]
[Result "0-1"]
[WhiteElo "2372"]
[BlackElo "2338"]

1.d4 d5 2.c4 Nc6 3.Nc3 dxc4 4.Nf3 Nf6 5.e4 Bg4 6.Be3 e6 7.Bxc4 Bb4 8.Qd3 Bxf3
9.gxf3 O-O 10.O-O-O e5 11.dxe5 Nxe5 12.Qxd8 Raxd8 13.Be2 Ng6 14.Kc2 Bd6 15.h4 Be5
16.Bc4 Rxd1 17.Nxd1 a6 18.a4 h6 19.Nc3 Rd8 20.Ne2 Nh5 21.a5 Bd6 22.Bd5 c6
23.Bb6 Rd7 24.Bb3 Bc7 25.Bxc7 Rxc7 26.Ng3 Nhf4 27.Nf5 Rd7 28.Rg1 h5 29.Bc4 Kf8
30.Kc3 f6 31.Bb3 Ne2+  0-1

[Event "10th Chigorin Mem"]
[Site "St Petersburg RUS"]
[Date "2002.10.26"]
[Round "2"]
[White "Tunik,G"]
[Black "Feoktistov,A"]
[Result "1-0"]
[WhiteElo "2503"]
[BlackElo "2402"]

1.d4 d5 2.c4 Nc6 3.cxd5 Qxd5 4.e3 e5 5.Nc3 Bb4 6.Bd2 Bxc3 7.bxc3 exd4 8.cxd4 Nf6
9.Nf3 Ne4 10.Qb3 Be6 11.Qxd5 Bxd5 12.Be2 O-O 13.O-O Nxd2 14.Nxd2 Rfe8 15.Bf3 Bxf3
16.Nxf3 Rad8 17.Rfc1 Re7 18.Rab1 Na5 19.g4 f6 20.Kg2 Rd5 21.Kg3 Kf7 22.h4 h5
23.g5 Kg6 24.gxf6 gxf6 25.Ne1 b5 26.Nd3 Kh6 27.Rc5 Rxc5 28.Nxc5 c6 29.Kf4 Nc4
30.Rg1 Nd6 31.Rg8 Ne8 32.Ne4 a5 33.Kf5 b4 34.Rg6+ Kh7 35.Nxf6+ Nxf6 36.Rxf6 a4
37.Rxc6 Rf7+ 38.Ke5 Rxf2 39.Rb6 Rb2 40.e4 a3 41.d5 Kg7 42.d6 Rxa2 43.Rxb4 Rd2
44.Ra4 a2 45.Ke6 Kg6 46.e5 Rh2 47.d7  1-0

[Event "Olympiad w"]
[Site "Bled SLO"]
[Date "2002.10.28"]
[Round "3"]
[White "Hoang Thanh Trang"]
[Black "Botsari,A"]
[Result "1/2-1/2"]
[WhiteElo "2420"]
[BlackElo "2320"]

1.d4 d5 2.c4 Nc6 3.cxd5 Qxd5 4.e3 e5 5.Nc3 Bb4 6.Bd2 Bxc3 7.bxc3 Nf6 8.f3 e4
9.c4 Qd6 10.Qb1 Bf5 11.f4 O-O 12.Ne2 a5 13.Ng3 Ne7 14.Be2 Qd7 15.O-O Rfb8
16.Qc2 c6 17.a4 Rc8 18.Qb2 c5 19.d5 Ne8 20.Bc3 f6 21.Rfb1 Nd6 22.Nh5 Bg4
23.Bxg4 Qxg4 24.Ng3 Ra6 25.Qc2 Re8 26.Ra2 Nec8 27.Nf1 b6 28.Be1 h5 29.Rc1 Ra7
30.h3 Qg6 31.Qe2 Kf7 32.Rb2 Rh8 33.Nd2 Qf5 34.Nb1 Ke8 35.Nc3 g5 36.fxg5 Qxg5
37.Nd1 Rg8 38.Qf1 Nf5 39.Qf4 Qxf4 40.exf4 Rag7 41.Bc3 Rg6 42.Rcc2 Kd7 43.Re2 Re8
44.Re1 Kc7 45.Rbe2 Ncd6 46.Ne3 Nd4 47.Rb2 Nf3+ 48.Kf2 Nxe1 49.Bxe1 Reg8 50.Kf1 Ra8
51.Bh4 Rc8 52.f5 Rh6 53.Bg3 Rb8 54.Bf4 Rh7 55.h4 Rb7 56.Kf2 Kd7 57.Rc2 Ne8
58.Nf1 Rg7 59.g3 Nd6  1/2-1/2

[Event "Olympiad"]
[Site "Bled SLO"]
[Date "2002.10.28"]
[Round "3"]
[White "Avrukh,B"]
[Black "Hansen,SuB"]
[Result "1-0"]
[WhiteElo "2595"]
[BlackElo "2555"]

1.d4 d5 2.c4 Nc6 3.cxd5 Qxd5 4.e3 e5 5.Nc3 Bb4 6.Bd2 Bxc3 7.bxc3 Nf6 8.f3 e4
9.Qb3 Qf5 10.Qb5 Qe6 11.Nh3 O-O 12.Nf2 Bd7 13.Qb3 Qe7 14.Be2 exf3 15.gxf3 b6
16.Rg1 Na5 17.Qb4 Qe6 18.e4 Rfe8 19.c4 c5 20.dxc5 Qe5 21.Qc3 Qxh2 22.O-O-O Re6
23.Be3 Ba4 24.Rde1 Rd8 25.Nd3 Rxd3 26.Qxd3 Nb7 27.Qa3 Be8 28.cxb6 axb6 29.Bd4 Na5
30.Qc3 Nc6 31.Bxb6 Ne5 32.Bd4 Ng6 33.c5 Rc6 34.Bc4 Bd7 35.Rd1 Be6 36.Be5 Qh6+
37.Kb1 Rc8 38.Bxe6 fxe6 39.Bxf6  1-0

[Event "2nd Rohde Open"]
[Site "Sautron FRA"]
[Date "2002.10.31"]
[Round "6"]
[White "Gerard,N"]
[Black "Peric,Sl"]
[Result "1/2-1/2"]
[WhiteElo "2254"]
[BlackElo "2282"]

1.d4 d5 2.c4 Nc6 3.cxd5 Qxd5 4.e3 e5 5.Nc3 Bb4 6.Bd2 Bxc3 7.Bxc3 exd4 8.Ne2 Nf6
9.Nxd4 O-O 10.Rc1 Nxd4 11.Qxd4 c5 12.Qf4 Ne4 13.Rd1 Qc6 14.Bd3 Bf5  1/2-1/2

[Event "6th OIBM"]
[Site "Bad Wiessee GER"]
[Date "2002.11.01"]
[Round "7"]
[White "Kononenko,T"]
[Black "Schuette,Mar"]
[Result "1-0"]
[WhiteElo "2388"]
[BlackElo "2229"]

1.d4 d5 2.c4 Nc6 3.cxd5 Qxd5 4.e3 e5 5.Nc3 Bb4 6.Bd2 Bxc3 7.bxc3 Qd6 8.Bd3 Nge7
9.Ne2 O-O 10.O-O Be6 11.Qc2 f5 12.f3 Rad8 13.Rad1 Kh8 14.Bc1 Nd5 15.e4 fxe4
16.fxe4 Rxf1+ 17.Rxf1 Nf6 18.d5 Bc8 19.h3 Na5 20.Rf3 b6 21.Qa4 Bd7 22.Qa3 Be8
23.Qxd6 Rxd6 24.Ba3 c5 25.Rf5 Nd7 26.Bb5 g6 27.Bxd7 Bxd7 28.Rf8+ Kg7 29.Ra8 Nc4
30.Rxa7 Nd2 31.Ng3 Kf6 32.Bc1 Nc4 33.Bh6 Kf7 34.Ne2 b5 35.Nc1 Nb6 36.Be3 Nxd5
37.Bxc5 Rc6 38.Rxd7+  1-0

[Event "10th Chigorin Mem B"]
[Site "St Petersburg RUS"]
[Date "2002.11.02"]
[Round "8"]
[White "Margolin,E"]
[Black "Sepman,Y"]
[Result "1-0"]
[WhiteElo "2206"]
[BlackElo "2312"]

1.d4 d5 2.c4 Nc6 3.cxd5 Qxd5 4.e3 e5 5.Nc3 Bb4 6.Bd2 Bxc3 7.bxc3 Nf6 8.f3 O-O
9.c4 Qd6 10.d5 Ne7 11.e4 Nd7 12.Nh3 Nc5 13.Nf2 f5 14.Bb4 b6 15.Qd2 a5 16.Ba3 Ba6
17.Qe3 fxe4 18.Bxc5 bxc5 19.Nxe4 Nf5 20.Qd2 Qe7 21.Bd3 Nd6 22.Rc1 Qh4+ 23.Qf2 Qxf2+
24.Kxf2 Nxe4+ 25.Bxe4 Rab8 26.Rc2 Rb4 27.Bd3 Kf7 28.Re1 Re8 29.Re4 Bc8 30.Re3 Ba6
31.a3 Rb6 32.Rce2 a4 33.Rxe5 Rxe5 34.Rxe5 Rb3 35.Re3 Rb2+ 36.Kg3 g6 37.Be2 Rc2
38.Re6 Bxc4 39.Bxc4 Rxc4 40.Rc6 Rd4 41.Rxc7+ Kf6 42.Rxc5 Ke5 43.Ra5 Rc4 44.h4 Kd6
45.Ra7 Kxd5 46.Rxh7 Ke6 47.Ra7 Kf5 48.Rf7+ Ke5 49.Re7+ Kf5 50.Re4  1-0

[Event "Olympiad w"]
[Site "Bled SLO"]
[Date "2002.11.06"]
[Round "11"]
[White "Horvath,Maria"]
[Black "Varniene,R"]
[Result "0-1"]
[WhiteElo "2059"]
[BlackElo "2160"]

1.d4 d5 2.c4 Nc6 3.Nf3 Bg4 4.cxd5 Bxf3 5.dxc6 Bxc6 6.Bf4 Nf6 7.Nc3 e6 8.Qd3 Nd5
9.Nxd5 Qxd5 10.a3 O-O-O 11.e3 Qa5+ 12.Qc3 Qxc3+ 13.bxc3 Rd5 14.c4 Ra5 15.c5 b6
16.cxb6 axb6 17.f3 Bxa3 18.Kf2 Kb7 19.Bd3 h6 20.Be5 f6 21.Bg3 Rha8 22.Ra2 Bd6
23.Rc2 Ra2 24.Rc1 Bd5 25.Bxd6 cxd6 26.Be4 Bxe4 27.fxe4 b5 28.d5 exd5 29.exd5 Rxc2+
30.Rxc2 Rc8 31.Rb2 Kb6 32.e4 Rc3 33.Ra2 b4 34.Ra8 b3 35.Ke2 Kb7 36.Ra4 Kb6
37.Kd2 Kb5 38.Ra7 Rc2+ 39.Kd1 Rxg2 40.Rc7 b2  0-1

[Event "Olympiad"]
[Site "Bled SLO"]
[Date "2002.11.06"]
[Round "11"]
[White "Salas,Cr"]
[Black "Geenen,M"]
[Result "1/2-1/2"]
[WhiteElo "2356"]
[BlackElo "2360"]

1.d4 d5 2.c4 Nc6 3.cxd5 Qxd5 4.e3 e5 5.Nc3 Bb4 6.Bd2 Bxc3 7.Bxc3 exd4 8.Ne2 Nf6
9.Nxd4 O-O 10.Nxc6 Qxc6 11.Qf3 Qe4 12.Qf4 Qf3 13.gxf3 Nd5 14.Bd2 Be6 15.Rc1 c6
16.Rg1 f6 17.Bc4 Nc7 18.Bxe6+ Nxe6 19.Rg4 Rfd8  1/2-1/2

[Event "Olympiad w"]
[Site "Bled SLO"]
[Date "2002.11.10"]
[Round "14"]
[White "Geldyeva,M"]
[Black "Botsari,A"]
[Result "1-0"]
[WhiteElo "2265"]
[BlackElo "2320"]

1.d4 d5 2.c4 Nc6 3.Nf3 Bg4 4.Ne5 Nxe5 5.dxe5 dxc4 6.Qa4+ c6 7.Qxc4 Be6 8.Qc3 g6
9.Bf4 Bg7 10.Nd2 Qc7 11.e3 Rd8 12.Be2 g5 13.Bg3 h5 14.h4 g4 15.O-O Rd5 16.e4 Rd8
17.Rfd1 Nh6 18.Bc4 O-O 19.b3 Qb6 20.Nf1 Qc5 21.Qe3 Qxe3 22.Nxe3 Bc8 23.a4 Kh7
24.Rxd8 Rxd8 25.Re1 Kg6 26.f4 gxf3 27.gxf3 f6 28.e6 f5 29.e5 Ng8 30.Re2 Bh6
31.Rg2 Bxe3+ 32.Bf2+ Kh7 33.Bxe3 b5 34.axb5 cxb5 35.Bxb5 Bxe6 36.Bc4 Bxc4
37.bxc4 Rd3 38.Kf2 Rc3 39.c5 Rc4 40.Rg5 f4 41.Rxh5+ Nh6 42.Bd2 e6 43.Ke2 Kg6
44.Rg5+ Kf7 45.Rg1 Nf5 46.Rg4 Rxc5 47.Bxf4 a5 48.h5 a4 49.h6 a3 50.h7 Rc8
51.Rg1 Nd4+ 52.Kf2 Nb3 53.Bh6 Rc2+ 54.Ke3 Rc3+ 55.Ke2 Nd4+ 56.Kd2 Rc2+ 57.Kd3  1-0

[Event "TCh-FIN 2002-3"]
[Site "Finland FIN"]
[Date "2002.11.16"]
[Round "4"]
[White "Kanko,I"]
[Black "Nivala,T"]
[Result "1-0"]
[WhiteElo "2263"]
[BlackElo "2218"]

1.d4 d5 2.c4 Nc6 3.Nc3 dxc4 4.d5 Ne5 5.Bf4 Ng6 6.Bg3 e5 7.e4 Nf6 8.Nf3 Bd6
9.Nd2 O-O 10.Nxc4 Re8 11.Be2 Bb4 12.Bf3 c6 13.dxc6 Bxc3+ 14.bxc3 Qxd1+ 15.Rxd1 bxc6
16.Nd6 Rd8 17.Nxc8 Rxd1+ 18.Kxd1 Rxc8 19.Kc2 Rd8 20.Rb1 Kf8 21.Rb4 Ke7 22.Be2 Nf4
23.Bxf4 exf4 24.Ra4 Rd7 25.e5 Nd5 26.Bf3 g5 27.Rc4 h5 28.Rxc6 g4 29.Be4 Nb6
30.Bd3 Rd5 31.Rf6 Nd7 32.Rxf4 Nxe5 33.Be2 Ra5 34.Kb3 Ke6 35.a4 f6 36.h3 f5
37.Rb4 Nc6 38.Rb7 Rd5 39.Rh7 Rd2 40.Bc4+ Ke5 41.Bb5 Nd8 42.Rxh5 gxh3 43.gxh3 Rxf2
44.Rh7 Rh2 45.a5 Ne6 46.a6 f4 47.Rxa7 Rxh3 48.Re7 Kd6 49.Rxe6+ Kxe6 50.a7 Rh8
51.Bc6  1-0

[Event "ch-GRE w"]
[Site "Athens GRE"]
[Date "2002.12.06"]
[Round "9"]
[White "Papadopoulou,V"]
[Black "Botsari,A"]
[Result "1/2-1/2"]
[WhiteElo "2165"]
[BlackElo "2320"]

1.d4 d5 2.c4 Nc6 3.cxd5 Qxd5 4.e3 e5 5.Nc3 Bb4 6.Bd2 Bxc3 7.bxc3 Nf6 8.Qb3 Qd6
9.Bc1 Be6 10.Ba3 Bxb3 11.Bxd6 cxd6 12.axb3 Ke7 13.Bd3 a6 14.Ne2 Rac8  1/2-1/2

[Event "ch-Balkan"]
[Site "Istanbul TUR"]
[Date "2002.12.13"]
[Round "5"]
[White "Erdogan,H"]
[Black "Miladinovic,I"]
[Result "1-0"]
[WhiteElo "2215"]
[BlackElo "2518"]

1.d4 d5 2.c4 Nc6 3.cxd5 Qxd5 4.e3 e5 5.Nc3 Bb4 6.Bd2 Bxc3 7.bxc3 Nf6 8.c4 Qd6
9.d5 Ne7 10.Rb1 Ne4 11.Bb4 c5 12.Bd2 Bf5 13.Rxb7 O-O 14.f3 Nxd2 15.Qxd2 Rab8
16.Rxb8 Rxb8 17.e4 Rb1+ 18.Kf2 Qb6 19.Ne2 Bd7 20.g3 f5 21.Bg2 Rb2 22.Qg5 Nc8
23.exf5 h6 24.Qe3 Nd6 25.Rc1 Nxf5 26.Qxe5 Nd4 27.Bf1 Rxa2 28.g4 Qb2 29.Re1 Qb3
30.Bg2 Qxc4 31.Qb8+ Kh7 32.Qb1+ Qc2 33.Qxc2+ Nxc2 34.Nc3 Nxe1+ 35.Nxa2 Nxg2
36.Kxg2 Kg6 37.Kg3 a5 38.Kf4 Kf6 39.h4 Ba4 40.g5+ hxg5+ 41.hxg5+ Kg6 42.Nc3 Bb3
43.Ke5 a4 44.d6 Kf7 45.Nb5 Bd1 46.f4 Be2 47.g6+ Ke8 48.f5 Bg4 49.Kf4 Be2
50.Ke5 Bc4 51.Nd4 Bb3 52.Ke4  1-0

[Event "ch-Balkan"]
[Site "Istanbul TUR"]
[Date "2002.12.15"]
[Round "7"]
[White "Vasovski,N"]
[Black "Miladinovic,I"]
[Result "0-1"]
[WhiteElo "2324"]
[BlackElo "2518"]

1.d4 d5 2.c4 Nc6 3.Nf3 Bg4 4.Nc3 e6 5.Bg5 Nge7 6.Ne5 Nxe5 7.dxe5 c6 8.h3 Bh5
9.g4 Bg6 10.cxd5 exd5 11.Qa4 h6 12.Bh4 b5 13.Qd4 h5 14.Bg2 Qb6 15.O-O-O b4
16.Na4 Qb5 17.b3 c5 18.Qd2 c4 19.e4 Rc8 20.Kb1 c3 21.Qc2 dxe4 22.Bf1 Qxe5
23.Bg3 Qa5 24.g5 h4 25.Bh2 Rh5 26.Ka1 Rxg5 27.Bf4 Rd5 28.Bc4 Rxd1+ 29.Qxd1 Nc6
30.Qe2 Be7 31.Rd1 Rd8 32.Rxd8+ Qxd8 33.Bb5 Qd5 34.Bc4 Qd7 35.a3 Nd4  0-1

[Event "XVIII Winter Open"]
[Site "Nice FRA"]
[Date "2002.12.29"]
[Round "6"]
[White "Battaglini,G"]
[Black "Dubois,L"]
[Result "1-0"]
[WhiteElo "2229"]
[BlackElo "2262"]

1.d4 d5 2.c4 Nc6 3.cxd5 Qxd5 4.Nf3 e5 5.Nc3 Bb4 6.Bd2 Bxc3 7.Bxc3 e4 8.Nd2 e3
9.fxe3 Nf6 10.Qb3 Qxb3 11.axb3 Bf5 12.h3 O-O 13.g4 Be4 14.Nxe4 Nxe4 15.Bg2 Rfe8
16.d5 Nb8 17.Bxe4 Rxe4 18.Kf2 Nd7 19.Bd4 Nb6 20.d6 a6 21.Rhc1 Nd5 22.dxc7 Rc8
23.Rc5 Nb4 24.Re5 Rxe5 25.Bxe5 f6 26.Rd1  1-0

[Event "11th Donau Open"]
[Site "Aschach AUT"]
[Date "2002.12.31"]
[Round "7"]
[White "Kilgus,G"]
[Black "Sucher,J"]
[Result "1/2-1/2"]
[WhiteElo "2346"]
[BlackElo "2171"]

1.d4 d5 2.c4 Nc6 3.cxd5 Qxd5 4.e3 e5 5.Nc3 Bb4 6.Bd2 Bxc3 7.Bxc3 exd4 8.Ne2 Be6
9.Nxd4 Nxd4 10.Qxd4 Qxd4 11.Bxd4 f6 12.Rc1 c6 13.Bc4 Kf7 14.f4 Ne7 15.Kf2 Nf5
16.Bxe6+ Kxe6 17.Bc3 g6 18.e4 Nd6 19.Kf3 Nb5 20.Ba5 Rac8 21.Rhd1 b6 22.Be1 c5
23.Bf2 Rhd8 24.a4 Rxd1 25.Rxd1 Nd6 26.g4 Nc4 27.b3 Na5 28.f5+ Ke7 29.Rd3 c4
30.bxc4 Rxc4 31.Rd4 Nc6 32.Rxc4 Ne5+ 33.Ke3 Nxc4+ 34.Kd4 Nb2 35.a5 bxa5 36.Bg1 Na4
37.Kc4 Nb6+ 38.Kb5  1/2-1/2

[Event "Troll Masters"]
[Site "Gausdal NOR"]
[Date "2003.01.07"]
[Round "1"]
[White "Lugovoi,A"]
[Black "Nygren,K"]
[Result "1-0"]
[WhiteElo "2540"]
[BlackElo "2202"]

1.d4 d5 2.c4 Nc6 3.cxd5 Qxd5 4.e3 e5 5.Nc3 Bb4 6.Bd2 Bxc3 7.Bxc3 exd4 8.Ne2 Bg4
9.f3 Nf6 10.Nxd4 O-O-O 11.Qa4 Rhe8 12.O-O-O Qg5 13.Nxc6 Qxe3+ 14.Bd2 Qc5+
15.Qc4 Qxc6 16.Qxc6 bxc6 17.Ba6+ Kb8 18.fxg4 Nxg4 19.Rde1 f6 20.Rxe8 Rxe8
21.h3 Ne5 22.Re1 Re6 23.Bc3 c5 24.Bc4 Re7 25.Bxe5 fxe5 26.Rf1 Rd7 27.Rf7 Rd4
28.b3 g5 29.Rxh7 g4 30.Rh4 gxh3 31.Rxd4 cxd4 32.gxh3  1-0

[Event "Odessa Region Open"]
[Site "Odessa UKR"]
[Date "2003.01.16"]
[Round "7"]
[White "Fingerov,D"]
[Black "Miljutin,O"]
[Result "1-0"]
[WhiteElo "2374"]
[BlackElo "2215"]

1.d4 d5 2.c4 Nc6 3.cxd5 Qxd5 4.e3 e5 5.Nc3 Bb4 6.Bd2 Bxc3 7.Bxc3 exd4 8.Ne2 Bg4
9.f3 Bxf3 10.gxf3 Qxf3 11.Nxd4 Qxh1 12.Nxc6 Nf6 13.Bxf6 gxf6 14.Nd4 Qxh2
15.Qa4+ c6 16.O-O-O Qe5 17.Bd3 Qxe3+ 18.Kb1 Rd8 19.Nf5 Qe5 20.Qb4 Rxd3 21.Re1 Rd1+
22.Rxd1 Qxf5+ 23.Ka1 c5 24.Qxb7 O-O 25.Rg1+ Kh8 26.Qg2 Qg5 27.Qh2 Qe3 28.Rh1 h6
29.Qd6 Re8 30.Qxf6+ Kg8 31.a3 Re6 32.Qd8+ Kg7 33.Qd7 c4 34.Rf1 Rf6  1-0

[Event "ch-IND"]
[Site "Mumbai IND"]
[Date "2003.01.18"]
[Round "2"]
[White "Soman,S"]
[Black "Sasikiran,K"]
[Result "0-1"]
[WhiteElo "2364"]
[BlackElo "2664"]

1.d4 d5 2.c4 Nc6 3.cxd5 Qxd5 4.Nf3 e5 5.Nc3 Bb4 6.e3 Bg4 7.Be2 Bxc3+ 8.bxc3 e4
9.Nd2 Bxe2 10.Qxe2 Nf6 11.O-O O-O 12.a4 Rfe8 13.Qb5 b6 14.c4 Qd7 15.Nb3 a6
16.Qg5 h6 17.Qg3 Ne7 18.f3 Nf5 19.Qf2 Nd6 20.Nd2 Qe6 21.d5 Qe5 22.Ra3 Re7
23.Rb3 Qg5 24.Kh1 Rae8 25.Re1 b5 26.axb5 axb5 27.c5 Nc4 28.Rxb5 Qxd5 29.Nxc4 Qxc4
30.Qe2 Qxe2 31.Rxe2 Nd5 32.Rb3 Ra8 33.Bb2 Ra4 34.Kg1 Rc4 35.Rd2 c6 36.Bd4 Kh7
37.Kf2 Kg6 38.fxe4 Rxe4 39.Kf3  0-1

[Event "Inv. Tens"]
[Site "Wijk aan Zee NED"]
[Date "2003.01.20"]
[Round "4"]
[White "Strating,S"]
[Black "Peek,Mar"]
[Result "1/2-1/2"]
[WhiteElo "2325"]
[BlackElo "2417"]

1.d4 d5 2.c4 Nc6 3.cxd5 Qxd5 4.e3 e5 5.Nc3 Bb4 6.Bd2 Bxc3 7.bxc3 Nf6 8.f3 e4
9.c4 Qd6 10.f4 O-O 11.Ne2 Re8 12.Rb1 a5 13.h3 h5 14.g3 Nb4 15.Bg2 Nd3+ 16.Kf1 b6
17.Nc3 Ba6 18.Nb5 Qe7 19.Kg1 c6 20.Nc3 Rab8 21.g4 Bxc4 22.g5 Nd5 23.Nxe4 c5
24.Qf3 g6 25.f5 gxf5 26.Qxf5 Qe6 27.Qxe6 Rxe6 28.dxc5 Bxa2 29.Ra1 Bb3 30.cxb6 a4
31.b7 Kf8 32.Nc3 Nxc3 33.Bxc3 Rxe3 34.Bd4 Rg3 35.Kh2 Rxg2+ 36.Kxg2 Bd5+ 37.Kh2  1/2-1/2

[Event "FSIMB Feb"]
[Site "Budapest HUN"]
[Date "2003.02.03"]
[Round "3"]
[White "Malanca,A"]
[Black "Valaker,O"]
[Result "1/2-1/2"]
[WhiteElo "2247"]
[BlackElo "2202"]

1.d4 d5 2.c4 Nc6 3.Nc3 Nf6 4.cxd5 Nxd5 5.e4 Nxc3 6.bxc3 e5 7.d5 Nb8 8.Nf3 Bd6
9.Bb5+ Bd7 10.Qb3 O-O 11.Be3 Bg4 12.Nd2 Qh4 13.O-O a6 14.Bd3 Nd7 15.f3 Nc5
16.Qc2 Bd7 17.Nb3 Nxd3 18.Qxd3 b6 19.c4 f5 20.Rfc1 fxe4 21.Qxe4 Qf6 22.c5 bxc5
23.Nxc5 Bf5 24.Qc4 Qg6 25.Ne4 Rab8 26.Rab1 Bd7 27.Rxb8 Rxb8 28.Qxa6 Rb2 29.Bf2 h6
30.a4 Kh7 31.Qc4 Rb4 32.Qc3 Rxa4 33.Qc2 Ra5 34.Nxd6 Qxc2 35.Rxc2 cxd6 36.Be3 Rxd5
37.Rd2 Rxd2 38.Bxd2 Kg6 39.Bb4 d5 40.Bd6 Kf5 41.Bf8 Kf6 42.Kf2 h5 43.h4 g6
44.g3 Kf5 45.Bg7 Bb5 46.Bh8 Bd3 47.Bg7 Ba6 48.Bh8 Bb7 49.Bg7 Ke6 50.Bh8 Kd6
51.Bg7 d4 52.Bh8 Kd5 53.Bg7 Bc8 54.Bh8 Bf5 55.Bg7 e4 56.fxe4+ Kxe4 57.Bh8 Bg4
58.Bg7 Kd3 59.Bh8  1/2-1/2

[Event "FSIMB Feb"]
[Site "Budapest HUN"]
[Date "2003.02.11"]
[Round "11"]
[White "Peredy,F"]
[Black "Valaker,O"]
[Result "0-1"]
[WhiteElo "2311"]
[BlackElo "2202"]

1.d4 d5 2.c4 Nc6 3.cxd5 Qxd5 4.e3 e5 5.Nc3 Bb4 6.Bd2 Bxc3 7.Bxc3 exd4 8.Ne2 Nf6
9.Nxd4 O-O 10.Nb5 Qg5 11.Nxc7 Bg4 12.Qb3 Rad8 13.Qxb7 Rd6 14.Nb5 Re6 15.Nd4 Rxe3+
16.fxe3 Qxe3+ 17.Ne2 Ne4 18.Qxc6 Rd8 19.Qxe4 Qxe4 20.a4 Re8 21.O-O-O Qxa4
22.Re1 Bf5  0-1

[Event "1st NAO GM"]
[Site "Paris FRA"]
[Date "2003.02.14"]
[Round "2"]
[White "Shirazi,K"]
[Black "Marzolo,C"]
[Result "0-1"]
[WhiteElo "2438"]
[BlackElo "2480"]

1.d4 d5 2.c4 Nc6 3.e4 dxe4 4.d5 Ne5 5.Nc3 Nf6 6.Bf4 Ng6 7.Bg3 e5 8.dxe6 Qxd1+
9.Rxd1 Bxe6 10.h4 h5 11.Nh3 c6 12.Ng5 Bf5 13.Be2 Be7 14.Kd2 O-O 15.Kc1 Rfe8
16.Rhe1 Bc5 17.a3 Ne5 18.b4 Bf8 19.c5 Nd3+ 20.Bxd3 exd3 21.f3 Rxe1 22.Rxe1 a5
23.Nge4 Nxe4 24.fxe4 Be6 25.Kd2 axb4 26.axb4 Bc4 27.Bd6 b5 28.Rf1 Ra7 29.g3 Ra3
30.e5 Be6 31.Rf4 Bc4 32.Rf1 Ra6 33.Ke3 Ra7 34.Kd2 Be7 35.Rf5 Bd8 36.Rf1 Ra3
37.Rg1 Kh7 38.Rf1 g5 39.Ne4 Ra2+ 40.Kc3 Rc2+ 41.Kd4 gxh4 42.gxh4 Bxh4 43.e6 Bxe6
44.Kxd3 Rc4 45.Rf4 Bd8 46.Nd2 Rxf4 47.Bxf4 Bd5 48.Nb1 Kg6 49.Nc3 Bg2 50.Ke3 Kf5
51.Bh2 Kg4 52.Kf2 Bf3 53.Nb1 Bh4+ 54.Kg1 Be1  0-1

[Event "Open"]
[Site "Cappelle la Grande FRA"]
[Date "2003.02.24"]
[Round "4"]
[White "Guliev,S"]
[Black "Etchegaray,P"]
[Result "1-0"]
[WhiteElo "2513"]
[BlackElo "2344"]

1.d4 d5 2.c4 Nc6 3.cxd5 Qxd5 4.Nf3 e5 5.Nc3 Bb4 6.Bd2 Bxc3 7.Bxc3 e4 8.Nd2 e3
9.fxe3 Nf6 10.Qb3 Be6 11.Qxd5 Bxd5 12.Rg1 O-O 13.g4 Rfe8 14.g5 Ne4 15.Nxe4 Bxe4
16.Bh3 Rad8 17.Bg4 Ne7 18.Rc1 Nd5 19.Bd2 c6 20.h4 f5 21.gxf6 Nxf6 22.Bf3 Bxf3
23.exf3 Rxd4 24.e4 Nxe4 25.fxe4 Rexe4+ 26.Kd1 Rxh4 27.Kc2 Rh2 28.Rcd1 h6
29.Kc3 Rd5 30.Be3 Rh3 31.Rxd5 cxd5 32.Kd4 Rh2 33.Rb1 Rc2 34.Kxd5 a6 35.Bd4 Rc6
36.Re1 Kf7 37.Bc5 Kf6 38.Bd6 Rc2 39.Rf1+ Kg6 40.Be5 Rg2 41.Ke6 h5 42.Rf7 Kh7
43.Rxb7 h4 44.Kf5 Kh6 45.Rb6+ Kh5 46.Rxa6 Rf2+ 47.Ke6 g5 48.Ra8 g4 49.Rh8+ Kg5
50.Rg8+ Kh5 51.a4 g3 52.a5  1-0

[Event "52nd ch-BUL w"]
[Site "Sofia BUL"]
[Date "2003.03.02"]
[Round "10"]
[White "Raeva,E"]
[Black "Besheva,S"]
[Result "0-1"]
[WhiteElo "2143"]
[BlackElo "2157"]

1.d4 d5 2.c4 Nc6 3.Nc3 dxc4 4.e3 e5 5.d5 Nce7 6.Bxc4 a6 7.Nf3 Ng6 8.h3 Bd6
9.e4 Nf6 10.Bb3 Nd7 11.O-O O-O 12.Re1 Nh4 13.Ng5 Nf6 14.Be3 h6 15.Nf3 Nd7
16.Bc2 Qf6 17.Nxh4 Qxh4 18.Qg4 Qf6 19.Qg3 Re8 20.Rf1 Nf8 21.f4 exf4 22.Bxf4 Bxf4
23.Rxf4 Qg5 24.Qf2 f6 25.Rf3 Bd7 26.Rf1 Rad8 27.Ne2 Qe5 28.Nd4 Re7 29.Rg3 Kh8
30.b3 Rde8 31.Nf3 Qf4 32.Nd4 Qxf2+ 33.Rxf2 Bc8 34.Rc3 Ng6 35.Bd3 Ne5 36.Bb1 Nf7
37.Ne2 Nd6 38.Ng3 Kg8 39.Bd3 Rd8 40.Rfc2 Ne8 41.Ne2 Bd7 42.Ng3 c6 43.dxc6 Bxc6
44.Bxa6 Red7 45.Bc4+ Kh8 46.Kf2 Nd6 47.Bd5 Bxd5 48.exd5 Nb5 49.Rc5 Rxd5 50.Rxd5 Rxd5
51.Ne4 Nd6 52.Ng3 Kh7 53.Ke2 Nb5 54.Ke3 Re5+ 55.Kf2 Kg6 56.Rd2 Re7 57.Ne2 Kf7
58.a4 Na7 59.Nc3 Nc6 60.Nb5 g5 61.Nd6+ Kg6 62.Nc8 Rc7 63.Nb6 Ne5 64.b4 Rc3
65.Rd6 Nd3+ 66.Ke2  0-1

[Event "Windesheim Open"]
[Site "Zwolle NED"]
[Date "2003.03.07"]
[Round "1"]
[White "Mikhalchishin,A"]
[Black "Naalden,M"]
[Result "1-0"]
[WhiteElo "2561"]
[BlackElo "2094"]

1.d4 d5 2.c4 Nc6 3.Nf3 e5 4.dxe5 dxc4 5.Qxd8+ Kxd8 6.Nc3 Bb4 7.Bd2 Nge7 8.O-O-O Be6
9.g3 Ke8 10.Bg2 Bxc3 11.Bxc3 Nd5 12.Nd4 Nxd4 13.Bxd4 c6 14.Bc5 a5 15.Rd4 c3
16.b3 Nb4 17.Bxb4 axb4 18.Rxb4 Rxa2 19.Rxb7 Rxe2 20.Rd1 g6 21.Bf3 Rxf2 22.Rb8+ Ke7
23.Rxh8 Bxb3 24.Be4 Re2 25.Bd3 Bxd1 26.Bxe2 Bxe2 27.Kc2 h5 28.Kxc3 Bf3 29.Kd4 Ke6
30.Rd8 Bd5 31.Rd6+ Ke7 32.Ke3 Bg2 33.Kf4 Bd5 34.Kg5 Be4 35.Kf4 Bd5 36.Kg5 Be4
37.Rf6 Bd5 38.Kh6 Be6 39.Kg5 c5 40.Kf4 c4 41.Ke4 Kd7 42.Kd4 Ke7 43.Rf3 Kd7
44.Kc5 Kc7 45.Ra3 Kb7 46.Ra1 Kb8 47.Kc6 Bf5 48.Rc1 Be6 49.Rb1+ Ka7 50.Kc5 Ka6
51.h4 Ka7 52.Rb2 Ka6 53.Rb1 Ka7 54.Rb6 Bf5 55.Rb4 Be6 56.Kc6 c3 57.Rb1 c2
58.Rc1  1-0

[Event "Stroer Trophy"]
[Site "Cannes FRA"]
[Date "2003.03.08"]
[Round "1"]
[White "Flear,C"]
[Black "Milliet,S"]
[Result "1/2-1/2"]
[WhiteElo "2213"]
[BlackElo "2231"]

1.d4 d5 2.c4 Nc6 3.e3 e5 4.cxd5 Qxd5 5.Nc3 Bb4 6.Bd2 Bxc3 7.bxc3 Nf6 8.c4 Qd6
9.d5 Nb8 10.Qc2 Na6 11.Ne2 O-O 12.e4 Nc5 13.Nc3 Bd7 14.Be2 c6 15.O-O Rac8
16.Bg5 h6 17.Bxf6 Qxf6 18.Qd2 Rfe8 19.Qe3 cxd5 20.cxd5 Qg6 21.Rfd1 Red8 22.Rac1 b6
23.f3 a6 24.Bf1 Qd6 25.g3 Rc7 26.Rd2 Rdc8 27.Rdc2 b5 28.Nb1 Na4 29.Qf2 Kh7
30.Kg2 a5 31.Bd3 b4 32.Rxc7 Rxc7 33.Rxc7 Qxc7 34.Qc2 Qc5 35.Nd2 Qxc2 36.Bxc2 Nc3
37.Nc4  1/2-1/2

[Event "1st Festival"]
[Site "Nancy FRA"]
[Date "2003.03.08"]
[Round "8"]
[White "Nezar,M"]
[Black "Taddei,B"]
[Result "0-1"]
[WhiteElo "2320"]
[BlackElo "2320"]

1.d4 d5 2.c4 Nc6 3.cxd5 Qxd5 4.e3 e5 5.Nc3 Bb4 6.Bd2 Bxc3 7.Bxc3 exd4 8.Ne2 Nf6
9.Nxd4 O-O 10.Nb5 Qg5 11.h4 Qh6 12.Nxc7 Bg4 13.Qb3 Rad8 14.Bc4 Ne4 15.Nd5 Rfe8
16.Kf1 Ne5 17.Nf4 Rc8 18.Bb5 Red8 19.Kg1 Nxc3 20.bxc3 Rd2 21.Bf1 b6 22.a4 Rcd8
23.a5 Bd1 24.Qb4 Ng4 25.Nh3 Qxh4 26.Qf4 Qf6 27.Qxf6 Nxf6 28.axb6 axb6 29.Ra6 Rb2
30.Nf4 Ng4 31.Nh3 Rb1 32.Nf4 g5  0-1

[Event "TCh-BEL 2002-3"]
[Site "Belgium BEL"]
[Date "2003.03.09"]
[Round "10"]
[White "Kadimova,I"]
[Black "Peek,Mar"]
[Result "1/2-1/2"]
[WhiteElo "2364"]
[BlackElo "2417"]

1.d4 d5 2.c4 Nc6 3.e3 e5 4.dxe5 d4 5.a3 a5 6.exd4 Qxd4 7.Qe2 Bg4 8.Nf3 Bxf3
9.Qxf3 O-O-O 10.Be2 Qxe5 11.Qe3 Bc5 12.Qxe5 Nxe5 13.Nc3 h6 14.Bf4 Nd3+ 15.Bxd3 Rxd3
16.Ke2 Rd7 17.Rhd1 Nf6 18.Nb5 Re8+ 19.Kf1 c6 20.Rxd7 Nxd7 21.Nd6+ Bxd6 22.Bxd6 Re4
23.Rc1 h5 24.a4 Rd4 25.Ba3 Ne5 26.b3 Rd2 27.Re1 f6 28.Bc1 Rc2 29.Rd1 Rc3
30.Bd2 Rxb3 31.Bxa5 b6 32.Be1 Nxc4 33.Rc1 b5 34.axb5 cxb5 35.Rd1 Kc7 36.Rd5 g6
37.Ke2 Kc6 38.Rd8 Rb2+ 39.Kd1 Ne5 40.Rf8 Nd7 41.Rg8 Ne5 42.f4 Nc4 43.Rxg6 Ne3+
44.Kc1 Rc2+ 45.Kb1 Rxg2 46.Rxf6+ Kd5 47.Bg3 b4 48.f5 b3 49.Rd6+ Kc5 50.Rg6 Kd5
51.Bf4 Rxg6 52.fxg6 Nf5 53.Kb2 Ke6 54.Bg5 Nd4 55.g7 Kf7 56.Bf6 Nf3 57.h3 Nd2
58.Bc3 Ne4  1/2-1/2